000 00895nam a22002657a 4500
001 0000002059
003 PPM
005 20260429161804.0
008 260429b ||||| |||| 00| 0 eng d
020 _a0070609489
_cRM 28.80
_qPaperback
035 _a0000002059
040 _bEng
_cPusat Penyelidikan Mineral, Jabatan Mineral Dan Geosains Malaysia
_dPPM
_eRDA
082 0 0 _219
_a658.314
_bSTE 1987
100 1 _aSteers, Richard M.
_eauthor
245 1 0 _aMotivation And Work Behavior /
_cby Richard M. Steers, Lyman W. Porter
250 _a4th.ed.
260 1 _aNew York :
_bMcGraw-Hill.,
_c1987
300 0 0 _axii, 595 pages .:
_billustrations .:
_c21 cm
440 0 _aMcGraw-Hill series in management
504 _aIncludes bibliographies and indexes.
650 1 0 _aEmployee motivation
650 2 0 _aPsychology, Industrial.
700 1 _aPorter, Lyman W.
_ejoint author
942 _2ddc
_cBK
999 _c27242
_d27242